Normal view
MARC view
Entry Personal Name
001 - CONTROL NUMBER
- control field: 40515
003 - CONTROL NUMBER IDENTIFIER
- control field: dpl
005 - DATE AND TIME OF LATEST TRANSACTION
- control field: 20120201114415.0
008 - FIXED-LENGTH DATA ELEMENTS
- fixed length control field: 120201|||a|||||| | ||| d
040 ## - CATALOGING SOURCE
- Original cataloging agency: dpl
- Transcribing agency: dpl
100 ## - HEADING--PERSONAL NAME
- Personal name: गणेशन्, आर.
670 ## - SOURCE DATA FOUND
- Source citation: Work cat.: (dpl): गणेशन्, आर., भारतीय संग्रहालय एवं जनसम्पर्क /, 2002
670 ## - SOURCE DATA FOUND
- Source citation: Work cat.: (dpl): गणेशन्, आर., भारतीय संग्रहालय एवं जनसम्पर्क /, 2002
